000
00326 a2200133 4500
001
154901
040
_c
Escola São Tomás de Aquino
240
1
0
_a
Chapeuzinho vermelho
_l
por
245
1
0
_a
Chapeuzinho vermelho
362
0
_a
2011
440
1
_a
Autêntica
697
_a
Contos de Fadas e Clássicos da Literatura
942
_c
BK
999
_c
154901
_d
154901